000
00313 a2200145 4500
001
60011
020
_a
9783126757621
040
_c
Anchieta - Pituba
240
1
0
_a
Wir A2
_l
por
245
1
0
_a
Wir A2
300
_a
88
362
0
_a
2011
650
4
_a
Línguas germânicas (teutônicas) língua alemã
942
_c
BK
999
_c
60011
_d
60011